000 00305nam a2200121 a 4500
008 101209s1999|||| d
100 1 _aCaforio, Aliberto
245 1 0 _aAnglický slovník II. Anglicko-slovenský
260 _bLogos
_aBratislava
_c1999
020 _c199
041 _aeng
044 _axo
_cSK
999 _c15037
_d15037